Rakyat Malaysia pertama ke angkasa (Record no. 98266)

MARC details
000 -LEADER
fixed length control field 00670nam a2200241 i 4500
001 - CONTROL NUMBER
control field C2-0293577
003 - CONTROL NUMBER IDENTIFIER
control field PPAK
005 - DATE AND TIME OF LATEST TRANSACTION
control field 20180728025409.0
008 - FIXED-LENGTH DATA ELEMENTS--GENERAL INFORMATION
fixed length control field 090202s2008 my a|||| ||||| | may d
020 ## - INTERNATIONAL STANDARD BOOK NUMBER
International Standard Book Number 9789833171590
040 ## - CATALOGING SOURCE
Original cataloging agency PPAK
Language of cataloging eng
Transcribing agency PPAK
Description conventions rda
082 04 - DEWEY DECIMAL CLASSIFICATION NUMBER
Classification number 920.02
Edition number 23
090 00 - LOCALLY ASSIGNED LC-TYPE CALL NUMBER (OCLC); LOCAL CALL NUMBER (RLIN)
Classification number (OCLC) (R) ; Classification number, CALL (RLIN) (NR) 920.02
Feature heading RAK
Feature heading G
245 00 - TITLE STATEMENT
Title Rakyat Malaysia pertama ke angkasa
264 #1 - PRODUCTION, PUBLICATION, DISTRIBUTION, MANUFACTURE, AND COPYRIGHT NOTICE
Place of production, publication, distribution, manufacture Kuala Lumpur :
Name of producer, publisher, distributor, manufacturer Progressive Publishing House ,
Date of production, publication, distribution, manufacture, or copyright notice 2008
300 ## - PHYSICAL DESCRIPTION
Extent xiii, 195 pages :
Other physical details illustrations ;
Dimensions 19 cm
336 ## - CONTENT TYPE
Source rdacontent
Content type term text
337 ## - MEDIA TYPE
Source rdamedia
Media type term unmediated
338 ## - CARRIER TYPE
Source rdacarrier
Carrier type term volume
650 10 - SUBJECT ADDED ENTRY--TOPICAL TERM
Topical term or geographic name entry element Biography
700 0# - ADDED ENTRY--PERSONAL NAME
Personal name Wahba,
Relator term compile
942 ## - ADDED ENTRY ELEMENTS (KOHA)
-- dc
Koha item type Book
Holdings
Withdrawn Not for loan Current library Shelving location Date acquired Full call number Barcode Date last seen Koha item type Total Checkouts Total Renewals Date last checked out
    Perpustakaan Alor Setar Pinjaman Dewasa 11/02/2009 920.02 RAK A01272259 12/09/2019 Book 2 2 03/09/2019
    Perpustakaan Baling Pinjaman Dewasa 11/02/2009 920.02 RAK A01272263 09/05/2018 Book      
    Perpustakaan Jitra Pinjaman Dewasa 11/02/2009 920.02 RAK A01272261 09/05/2018 Book      
    Perpustakaan Kulim Pinjaman Dewasa 11/02/2009 920.02 RAK A01272262 09/05/2018 Book      
    Perpustakaan Merbok Pinjaman Dewasa 10/02/2009 920.02 RAK A01272072 09/05/2018 Book